Skyview Towers of Tears of the Kingdom (TOTK) - Statistics

General Stats
  • This quiz has been taken 10 times
  • The average score is 8 of 15
Answer Stats
Challenge Skyview Tower % Correct
No Challenge Lookout Landing Skyview Tower
83%
Door is jammed shut Eldin Canyon Skyview Tower
67%
Unburnable thorns due to rain Rabella Wetlands Skyview Tower
67%
Broken, in need of repair Gerudo Canyon Skyview Tower
50%
Buried in snow Gerudo Highlands Skyview Tower
50%
Surrounded by an enemy camp Hyrule Field Skyview Tower
50%
Surrounded by water Lindor's Brow Skyview Tower
50%
Broken Bridge Pikida Stonegrove Skyview Tower
50%
Technician is stuck underground Popla Foothills Skyview Tower
50%
Thorns Rospro Pass Skyview Tower
50%
Door is jammed from the inside Sahasra Slopes Skyview Tower
50%
A hover stone is preventing the lid from opening Thyphlo Ruins Skyview Tower
50%
Mountain Region Mount Lanayru Skyview Tower
33%
Aerocuda stole the tower terminal Ulri Mountain Skyview Tower
33%
Technician and door is stuck in sludge Upland Zorana Skyview Tower
33%
No matching quizzes found
Score Distribution
Percent of People with Each Score
Percentile by Number Answered
Your Score History
You have not taken this quiz